Elementy flag europejskich - Statystyki

Ogólne statystyki
  • Ten quiz został rozwiązany 32 razy
  • Średni wynik to 8 z 10
Answers on the Grid
Answers color-coded by a green-red scale on the quiz's grid according to % correct below.
 
Statystyki odpowiedzi
Odpowiedź % Poprawnych
Macedonia
94%
Szwajcaria
89%
Liechtenstein
89%
Hiszpania
89%
Kosowo
83%
Chorwacja
83%
Białoruś
83%
Albania
83%
Czarnogóra
72%
Andora
72%
Nie znaleziono quizów pasujących do podanych kryteriów
Rozkład punktacji
Procent ludzi z każdym wynikiem
Percentyl według liczby udzielonych odpowiedzi
Twoja historia wyników
Nie rozwiązałeś tego quizu